00769nam a2200229 i 4500001000300000003000400003005001700007008004100024020002100065040000800086100001600094245005900110250001700169260004600186300003900232500002700271504003700298650004700335650002500382710003400407856009800441bgBPK20191129112817.0990101s1995 uk a f 001 0 eng d a0194371891 (pbk) cBPK1 aEllis, Rod.14aThe Study of Second Language Acquisition /cRod Ellis. a[2nd impr.]. aOxford :bOxford University Press,c1995. aVII, [1], 824 s. :bil. ;c24 cm. a1st published in 1994. aBibliography s. 730-791. Indeks. 9aLanguage and languagesxStudy and teaching 9aLanguage acquisition2 aOxford University Press4pbl. uhttp://koha.tu.koszalin.pl/cgi-bin/koha/opac-detail.pl?biblionumber=48188yKatalog online BPK